00443nam a22001577a 4500003000500000005001700005008004100022020001800063040000600081082001600087100002900103245005300132260003400185300001700219650004900236CEME20210628210151.0210215b xxu||||| |||| 00| 0 eng d a0-87201-515-7 c. a620.106 ENC aCheremisinoff, Nicholas. aEncyclopedia of fluid mechanics gas liquid flows aLONDONbGULF PUBLISHINGc1999 a1535P, VOL-3 aFLUID MECHANICS DICTIONARIES FLOW-GAS LIQUID